Normal view
MARC view
- Shakoor, A. K.
Entry Personal Name
001 - CONTROL NUMBER
- control field: 14666
003 - CONTROL NUMBER IDENTIFIER
- control field: NUST
005 - DATE AND TIME OF LATEST TRANSACTION
- control field: 20190531041418.0
008 - FIXED-LENGTH DATA ELEMENTS
- fixed length control field: 190531|| aca||aabn | a|a d
040 ## - CATALOGING SOURCE
- Original cataloging agency: NUST
- Transcribing agency: NUST
100 ## - HEADING--PERSONAL NAME
- Personal name: Shakoor, A. K.
670 ## - SOURCE DATA FOUND
- Source citation: Work cat.: (NUST): Shakoor, A. K., Bay Samat Rahon Ka Musafir /, 2009.
